[Event "4NCL9495 2nd Season"]
[Site "Various Venues"]
[Date "1995.01.22"]
[Round "6.5"]
[White "Hunt, Harriet V"]
[Black "Webb, Richard M"]
[Result "0-1"]
[WhiteElo "2265"]
[BlackElo "2320"]
[PlyCount "86"]
[EventDate "1994.10.01"]
[EventType "team-tourn"]
[EventRounds "11"]
[EventCountry "GBR"]
[SourceTitle "BritBase"]
[SourceDate "2020.05.17"]
[SourceVersion "1"]
[SourceVersionDate "2020.05.17"]
[SourceQuality "1"]
[WhiteTeam "Midland Monarchs"]
[BlackTeam "Slough"]
[WhiteTeamCountry "ENG"]
[BlackTeamCountry "ENG"]

1. e4 c5 2. Nf3 d6 3. d4 cxd4 4. Nxd4 Nf6 5. Nc3 g6 6. Be3 Bg7 7. f3 O-O 8. Qd2
Nc6 9. g4 Be6 10. O-O-O Nxd4 11. Bxd4 Qa5 12. a3 Rfc8 13. h4 Rab8 14. Nd5 Qxd2+
15. Rxd2 Nxd5 16. exd5 Bxd5 17. Bxg7 Bxf3 18. Rh3 Bxg4 19. Rg3 Kxg7 20. Rxg4
Rc7 21. Rh2 f5 22. Rg3 Kf6 23. Kd1 d5 24. Rhg2 Rg8 25. c3 Rd7 26. Kc2 Rd6 27.
Rd2 Rgd8 28. Bg2 e5 29. Rgd3 e4 30. Rd4 Ke5 31. Kd1 h6 32. Ke1 g5 33. h5 g4 34.
Re2 Rc8 35. Ra4 a6 36. Kf2 Rc4 37. Rxc4 dxc4 38. Kg3 Rd3+ 39. Kf2 Kf4 40. Bf1
b5 41. Kg2 Ke5 42. Rf2 e3 43. Re2 f4 0-1

[Event "4NCL9495 2nd Season"]
[Site "Various Venues"]
[Date "1995.01.22"]
[Round "6.6"]
[White "Houska, Miroslav"]
[Black "Cooper, Lawrence"]
[Result "1-0"]
[WhiteElo "2245"]
[BlackElo "2305"]
[PlyCount "189"]
[EventDate "1994.10.01"]
[EventType "team-tourn"]
[EventRounds "11"]
[EventCountry "GBR"]
[SourceTitle "BritBase"]
[SourceDate "2020.05.17"]
[SourceVersion "1"]
[SourceVersionDate "2020.05.17"]
[SourceQuality "1"]
[WhiteTeam "Slough"]
[BlackTeam "Midland Monarchs"]
[WhiteTeamCountry "ENG"]
[BlackTeamCountry "ENG"]

1. Nf3 Nf6 2. d4 e6 3. Bg5 c5 4. e4 cxd4 5. Nxd4 h6 6. Bxf6 Qxf6 7. Nc3 Bc5 8.
Nf3 Nc6 9. Bd3 Nd4 10. Nxd4 Bxd4 11. Qd2 a6 12. O-O O-O 13. Kh1 d6 14. f4 Bxc3
15. bxc3 Bd7 16. Rae1 e5 17. Bc4 Rac8 18. Bd5 b5 19. f5 Rc5 20. Rf3 Rfc8 21.
Rg3 Kf8 22. Rd3 Bc6 23. Bb3 Rd8 24. Qf2 Kg8 25. Rg3 Kf8 26. Rd3 Kg8 27. h4 Bb7
28. g3 a5 29. a3 Rdc8 30. Qf3 Kf8 31. Kh2 Qe7 32. Rf1 f6 33. Be6 Rd8 34. Qg4
Ba6 35. Qg6 b4 36. Qh7 Ke8 37. Qg6+ Kf8 38. Qh7 Ke8 39. c4 Qf8 40. axb4 axb4
41. Ra1 Rc6 42. Rd5 Rb6 43. Rda5 Bb7 44. Ra7 Rb8 45. Qg6+ Kd8 46. Rd1 Kc7 47.
Qg4 Ra6 48. Rxa6 Bxa6 49. Ra1 Rb6 50. Qd1 Qe7 51. Qd5 Kb8 52. Qa5 Qc7 53. Kh3
h5 54. Ra4 Qc5 55. Qxc5 dxc5 56. Ra5 Rc6 57. Bd5 Bb7 58. Bxc6 Bxc6 59. g4 Bxe4
60. Rxc5 Bxc2 61. Rb5+ Kc7 62. Rxb4 hxg4+ 63. Kxg4 Bd1+ 64. Kg3 Bc2 65. Kg4
Bd1+ 66. Kg3 Bc2 67. c5 Bxf5 68. Rb6 Bd7 69. Rd6 Bc8 70. h5 Bd7 71. Kf3 Be8 72.
h6 gxh6 73. Rxf6 Bc6+ 74. Ke3 Bd5 75. Rxh6 Kb7 76. Rd6 Bg2 77. Re6 e4 78. Kd4
Bf3 79. Kc4 Kc7 80. Kb4 Kd7 81. Rf6 Kc7 82. Kc4 Bg2 83. Rf2 Bf3 84. Kb5 Bh5 85.
Rh2 Be8+ 86. Kc4 Kc6 87. Rh6+ Kc7 88. Kd5 e3 89. Rh7+ Kd8 90. Kd6 e2 91. Rh1
Bg6 92. c6 Ke8 93. c7 Bf5 94. Re1 Bg4 95. Rxe2+ 1-0

[Event "4NCL9495 2nd Season"]
[Site "Various Venues"]
[Date "1995.01.22"]
[Round "6.7"]
[White "Baker, Chris W"]
[Black "Smith, Andrew Philip"]
[Result "1-0"]
[WhiteElo "2260"]
[BlackElo "2280"]
[PlyCount "69"]
[EventDate "1994.10.01"]
[EventType "team-tourn"]
[EventRounds "11"]
[EventCountry "GBR"]
[SourceTitle "BritBase"]
[SourceDate "2020.05.17"]
[SourceVersion "1"]
[SourceVersionDate "2020.05.17"]
[SourceQuality "1"]
[WhiteTeam "Midland Monarchs"]
[BlackTeam "Slough"]
[WhiteTeamCountry "ENG"]
[BlackTeamCountry "ENG"]

1. e4 e5 2. Nf3 d6 3. d4 Nd7 4. Bc4 Qf6 5. Nc3 c6 6. Bg5 Qg6 7. h4 Ngf6 8. h5
Nxh5 9. dxe5 h6 10. Be3 Be7 11. Nd2 Nxe5 12. Qxh5 Qxg2 13. Bf1 Qg4 14. Qxg4
Bxg4 15. Be2 Bxe2 16. Kxe2 Ng4 17. Bd4 Bf6 18. Bxf6 Nxf6 19. Rag1 g6 20. Rg3
Ke7 21. f4 Rag8 22. Kf3 Ke6 23. Nc4 Rd8 24. Rg2 b6 25. Rd2 Nxe4 26. Nxe4 d5 27.
Re1 dxc4 28. Nd6+ Kf6 29. Red1 b5 30. Nxc4 Rxd2 31. Nxd2 g5 32. Ne4+ Kf5 33.
Rd6 g4+ 34. Ke3 g3 35. Kf3 1-0

[Event "4NCL9495 2nd Season"]
[Site "Various Venues"]
[Date "1995.01.22"]
[Round "6.8"]
[White "Houska, Jovanka"]
[Black "McFarland, Robert S"]
[Result "1-0"]
[WhiteElo "2015"]
[BlackElo "2255"]
[PlyCount "87"]
[EventDate "1994.10.01"]
[EventType "team-tourn"]
[EventRounds "11"]
[EventCountry "GBR"]
[SourceTitle "BritBase"]
[SourceDate "2020.05.17"]
[SourceVersion "1"]
[SourceVersionDate "2020.05.17"]
[SourceQuality "1"]
[WhiteTeam "Slough"]
[BlackTeam "Midland Monarchs"]
[WhiteTeamCountry "ENG"]
[BlackTeamCountry "ENG"]

1. e4 g6 2. d4 Bg7 3. Nf3 c6 4. c3 d5 5. e5 Bg4 6. Bd3 c5 7. Be3 Nc6 8. Nbd2
Qb6 9. Qb3 c4 10. Qxb6 axb6 11. Bc2 Nh6 12. O-O b5 13. b3 Bf5 14. Bxf5 Nxf5 15.
bxc4 bxc4 16. Rfb1 Ra7 17. Rb5 e6 18. Nxc4 dxc4 19. d5 Ra5 20. Rxa5 Nxa5 21.
Bb6 exd5 22. Bxa5 O-O 23. Rd1 Ra8 24. Rxd5 Ne7 25. Rd8+ Rxd8 26. Bxd8 Nc6 27.
Bf6 Bxf6 28. exf6 Kf8 29. Kf1 Ke8 30. Ke2 h6 31. Ke3 Kd7 32. Ke4 Kd6 33. h3 Kc5
34. Ne5 Nd8 35. f4 b5 36. a3 Kd6 37. g4 Ke6 38. Nf3 Kd6 39. Nd4 Kc5 40. Ke5 Nb7
41. h4 Nd6 42. g5 hxg5 43. fxg5 Ne8 44. Ne6+ 1-0

[Event "4NCL9495 2nd Season"]
[Site "Various Venues"]
[Date "1995.01.22"]
[Round "6.1"]
[White "King, Daniel J"]
[Black "Ansell, Simon"]
[Result "1-0"]
[WhiteElo "2500"]
[BlackElo "2320"]
[PlyCount "57"]
[EventDate "1994.10.01"]
[EventType "team-tourn"]
[EventRounds "11"]
[EventCountry "GBR"]
[SourceTitle "BritBase"]
[SourceDate "2020.05.17"]
[SourceVersion "1"]
[SourceVersionDate "2020.05.17"]
[SourceQuality "1"]
[WhiteTeam "Na Fianna"]
[BlackTeam "Witney"]
[WhiteTeamCountry "IRL"]
[BlackTeamCountry "ENG"]

1. g3 c5 2. Bg2 Nc6 3. e4 g6 4. d3 Bg7 5. f4 d6 6. Nf3 e6 7. O-O Nge7 8. c3 O-O
9. Be3 b6 10. Na3 Bb7 11. Bf2 Qd7 12. Qd2 Rad8 13. Rad1 Qc8 14. Rfe1 e5 15. d4
cxd4 16. cxd4 exd4 17. Nb5 Qa8 18. Nfxd4 Nc8 19. h4 Qb8 20. h5 Rfe8 21. Nc3
N8e7 22. Ndb5 a6 23. Nxd6 Nc8 24. Nxe8 Rxd2 25. Rxd2 Bf8 26. Nf6+ Kg7 27. Nd7
Qa8 28. Nd5 Nb4 29. Bd4+ 1-0

[Event "4NCL9495 2nd Season"]
[Site "Various Venues"]
[Date "1995.01.22"]
[Round "6.2"]
[White "Cobb, James"]
[Black "O'Shaughnessy, Conor"]
[Result "1/2-1/2"]
[WhiteElo "2265"]
[BlackElo "2215"]
[PlyCount "77"]
[EventDate "1994.10.01"]
[EventType "team-tourn"]
[EventRounds "11"]
[EventCountry "GBR"]
[SourceTitle "BritBase"]
[SourceDate "2020.05.17"]
[SourceVersion "1"]
[SourceVersionDate "2020.05.17"]
[SourceQuality "1"]
[WhiteTeam "Witney"]
[BlackTeam "Na Fianna"]
[WhiteTeamCountry "ENG"]
[BlackTeamCountry "IRL"]

1. d4 Nf6 2. c4 e6 3. Nf3 c5 4. d5 exd5 5. cxd5 d6 6. Nc3 g6 7. e4 Bg7 8. Be2
O-O 9. O-O Re8 10. Qc2 Na6 11. a3 Nc7 12. Nd2 a6 13. a4 Rb8 14. a5 Bd7 15. Nc4
Bb5 16. Bg5 h6 17. Bf4 Bxc4 18. Bxc4 b5 19. axb6 Rxb6 20. e5 dxe5 21. Be3 Rb4
22. Bxa6 Nxa6 23. Rxa6 Nxd5 24. Rd1 Qc8 25. Nxd5 Qxa6 26. Nc7 Qc6 27. Nxe8 Qxe8
28. Bxc5 Qc6 29. Qc3 Rb8 30. b4 e4 31. Qc4 Bf8 32. h3 Qa4 33. Rd4 Rc8 34. Rxe4
Qd1+ 35. Qf1 Qd5 36. Qc4 Qd1+ 37. Qf1 Qd5 38. Rd4 Qe5 39. Rd1 1/2-1/2

[Event "4NCL9495 2nd Season"]
[Site "Various Venues"]
[Date "1995.01.22"]
[Round "6.4"]
[White "Cobb, Charles"]
[Black "McMichael, Richard"]
[Result "1-0"]
[WhiteElo "2170"]
[BlackElo "2300"]
[PlyCount "87"]
[EventDate "1994.10.01"]
[EventType "team-tourn"]
[EventRounds "11"]
[EventCountry "GBR"]
[SourceTitle "BritBase"]
[SourceDate "2020.05.17"]
[SourceVersion "1"]
[SourceVersionDate "2020.05.17"]
[SourceQuality "1"]
[WhiteTeam "Witney"]
[BlackTeam "Na Fianna"]
[WhiteTeamCountry "ENG"]
[BlackTeamCountry "IRL"]

1. e4 e5 2. Nf3 d6 3. Nc3 Be7 4. d4 exd4 5. Nxd4 Nf6 6. Be2 O-O 7. O-O a6 8. a4
c5 9. Nf3 Nc6 10. Bf4 Nb4 11. Qd2 b6 12. Rad1 Bb7 13. Bxd6 Bxd6 14. Qxd6 Nxc2
15. Qf4 Qe7 16. e5 Nd7 17. Nd5 Bxd5 18. Rxd5 Nb4 19. Rd6 Rae8 20. Bc4 Nxe5 21.
Qxe5 Qxe5 22. Nxe5 Rxe5 23. Rxb6 Re7 24. Rd1 g6 25. h3 Rc8 26. Rbd6 Rcc7 27.
Kf1 Re4 28. b3 Kg7 29. Rd7 Re7 30. Rxc7 Rxc7 31. Rd6 Nc6 32. Bxa6 Na5 33. Rb6
Ra7 34. Be2 Rb7 35. Rxb7 Nxb7 36. Bc4 f5 37. Ke2 Kf6 38. Kd3 Ke5 39. Kc3 Nd6
40. Bd3 Nb7 41. Be2 Nd6 42. Bf3 g5 43. a5 Nc8 44. Kc4 1-0

[Event "4NCL9495 2nd Season"]
[Site "Various Venues"]
[Date "1995.01.22"]
[Round "6.5"]
[White "Connolly, Suzanne"]
[Black "Haydon, Richard"]
[Result "0-1"]
[WhiteElo "2035"]
[BlackElo "2190"]
[PlyCount "79"]
[EventDate "1994.10.01"]
[EventType "team-tourn"]
[EventRounds "11"]
[EventCountry "GBR"]
[SourceTitle "BritBase"]
[SourceDate "2020.05.17"]
[SourceVersion "1"]
[SourceVersionDate "2020.05.17"]
[SourceQuality "1"]
[WhiteTeam "Na Fianna"]
[BlackTeam "Witney"]
[WhiteTeamCountry "IRL"]
[BlackTeamCountry "ENG"]

1. e4 c5 2. Nf3 Nc6 3. d4 cxd4 4. Nxd4 e6 5. Nc3 a6 6. Be3 Nge7 7. Bc4 b5 8.
Bb3 Bb7 9. a3 Nxd4 10. Bxd4 Nc6 11. O-O Nxd4 12. Qxd4 Qc7 13. Rad1 f6 14. Rfe1
Bc5 15. Qd3 Rd8 16. Qh3 O-O 17. Rd3 Bc6 18. Red1 Rde8 19. R1d2 Kh8 20. Qh5 Qe5
21. Rh3 Qxh5 22. Rxh5 Bb6 23. Kf1 g6 24. Rh3 f5 25. exf5 Rxf5 26. Nd1 Ref8 27.
Kg1 Rg5 28. Rg3 Rh5 29. h3 Bc7 30. Rg4 Bf4 31. Rd3 Rhf5 32. g3 Bc1 33. Rd6 Re5
34. Kf1 Bf3 35. Rgd4 Bc6 36. Ba2 g5 37. Bb3 Rf7 38. Ba2 Kg7 39. Bb3 h5 40. h4
0-1

[Event "4NCL9495 2nd Season"]
[Site "Various Venues"]
[Date "1995.01.22"]
[Round "6.6"]
[White "Headlong, Timothy"]
[Black "O'Brien, Richard W"]
[Result "1-0"]
[WhiteElo "2195"]
[BlackElo "2160"]
[PlyCount "81"]
[EventDate "1994.10.01"]
[EventType "team-tourn"]
[EventRounds "11"]
[EventCountry "GBR"]
[SourceTitle "BritBase"]
[SourceDate "2020.05.17"]
[SourceVersion "1"]
[SourceVersionDate "2020.05.17"]
[SourceQuality "1"]
[WhiteTeam "Witney"]
[BlackTeam "Na Fianna"]
[WhiteTeamCountry "ENG"]
[BlackTeamCountry "IRL"]

1. Nf3 d5 2. c4 c6 3. d4 Nf6 4. Nc3 e6 5. e3 Bd6 6. Bd3 O-O 7. O-O Nbd7 8. e4
dxc4 9. Bxc4 e5 10. Bb3 h6 11. h3 Re8 12. Re1 Qc7 13. Be3 a6 14. Rc1 Bb4 15.
Bxf7+ Kxf7 16. Qb3+ Kf8 17. Qxb4+ c5 18. dxc5 a5 19. Qc4 Qc6 20. Nd5 Rb8 21.
Red1 Re6 22. Nh4 Kg8 23. Nf5 Kh7 24. f3 Nf8 25. Nfe7 Qe8 26. Nxf6+ gxf6 27. Nf5
h5 28. b3 Bd7 29. Rd6 Bb5 30. Qc3 a4 31. b4 Rc8 32. Rxe6 Qxe6 33. Nd6 Bd7 34.
Nxc8 Bxc8 35. a3 Ng6 36. Qc4 Qe7 37. c6 b5 38. Qxb5 Nh4 39. Qe2 f5 40. exf5
Bxf5 41. c7 1-0

[Event "4NCL9495 2nd Season"]
[Site "Various Venues"]
[Date "1995.01.22"]
[Round "6.7"]
[White "O'Siochru, Mairead Maura"]
[Black "Truran, Michael C"]
[Result "1/2-1/2"]
[WhiteElo "2045"]
[BlackElo "2220"]
[PlyCount "126"]
[EventDate "1994.10.01"]
[EventType "team-tourn"]
[EventRounds "11"]
[EventCountry "GBR"]
[SourceTitle "BritBase"]
[SourceDate "2020.05.17"]
[SourceVersion "1"]
[SourceVersionDate "2020.05.17"]
[SourceQuality "1"]
[WhiteTeam "Na Fianna"]
[BlackTeam "Witney"]
[WhiteTeamCountry "IRL"]
[BlackTeamCountry "ENG"]

1. c4 e6 2. Nc3 d5 3. cxd5 exd5 4. d4 Be7 5. Bf4 c6 6. e3 Bf5 7. Nf3 Nf6 8. h3
Nbd7 9. Be2 O-O 10. O-O Qb6 11. Na4 Qa5 12. a3 Ne4 13. b4 Qd8 14. Rc1 Ndf6 15.
Ne5 Ne8 16. Nd3 Bd6 17. Bxd6 N8xd6 18. Ndc5 Qg5 19. Nxe4 Bxe4 20. Bf3 Bxf3 21.
Qxf3 Nc4 22. Rfe1 Nxa3 23. Nc5 Nc4 24. Nxb7 Qe7 25. Na5 Qxb4 26. Nxc6 Qa3 27.
Ra1 Qc3 28. Ne7+ Kh8 29. Nxd5 Qc2 30. Red1 Qb2 31. Rdb1 Qd2 32. Rb7 a5 33. Qd1
Qxd1+ 34. Rxd1 a4 35. Ra1 Ra5 36. Nc3 a3 37. Nb5 a2 38. Nc3 Ra3 39. Nxa2 Nd6
40. Rb6 Ne4 41. Rc6 Rfa8 42. Rac1 g6 43. Nb4 Rb3 44. Nd5 Ra2 45. R6c2 Ra5 46.
Nc3 Nd6 47. e4 Rb4 48. e5 Nf5 49. d5 Rd4 50. Re2 Rc5 51. g4 Ne7 52. Rec2 Nxd5
53. Nxd5 Rxc2 54. Rxc2 Rxd5 55. Re2 Kg7 56. Kg2 Rd4 57. Kg3 g5 58. Re3 h6 59.
Rf3 Re4 60. Rf5 Re1 61. f3 Kg6 62. h4 Ra1 63. hxg5 hxg5 1/2-1/2

[Event "4NCL9495 2nd Season"]
[Site "Various Venues"]
[Date "1995.01.22"]
[Round "6.1"]
[White "Cooper, John Grantley"]
[Black "Emms, John"]
[Result "1/2-1/2"]
[WhiteElo "2380"]
[BlackElo "2500"]
[PlyCount "126"]
[EventDate "1994.10.01"]
[EventType "team-tourn"]
[EventRounds "11"]
[EventCountry "GBR"]
[SourceTitle "BritBase"]
[SourceDate "2020.05.17"]
[SourceVersion "1"]
[SourceVersionDate "2020.05.17"]
[SourceQuality "1"]
[WhiteTeam "South Wales Dragons"]
[BlackTeam "Wood Green"]
[WhiteTeamCountry "WLS"]
[BlackTeamCountry "ENG"]

1. d4 Nf6 2. c4 e6 3. Nc3 Bb4 4. Bg5 c5 5. d5 d6 6. e3 Bxc3+ 7. bxc3 Qe7 8. Nf3
h6 9. Bh4 e5 10. Nd2 g5 11. Bg3 Bf5 12. h4 Rg8 13. hxg5 hxg5 14. Qa4+ Qd7 15.
Qxd7+ Nbxd7 16. f3 Ke7 17. e4 Bg6 18. Bf2 Rh8 19. Rxh8 Rxh8 20. g4 Ng8 21. Rb1
b6 22. Bd3 Kd8 23. Nf1 f6 24. Bg3 Kc7 25. Kf2 Ne7 26. Bc2 Nf8 27. Ba4 Bf7 28.
Ne3 Nfg6 29. Nf5 Nxf5 30. gxf5 Ne7 31. Kg2 Ng8 32. Bf2 Rh5 33. Bd1 Rh7 34. Ba4
Kd8 35. Be3 Nh6 36. Kg3 Bg8 37. Bc6 Nf7 38. a4 Kc7 39. a5 Nd8 40. axb6+ axb6
41. Bb5 Nb7 42. Kf2 Bf7 43. Kg3 Rh4 44. Kg2 Na5 45. Bf2 Rh8 46. Kg3 Rh7 47. Be3
Kd8 48. Ba6 Kc7 49. Bb5 Rh8 50. Bf2 Rh4 51. Be3 Rh7 52. Bf2 Rh8 53. Ra1 Kd8 54.
Rb1 Ke7 55. Ba6 Rb8 56. Rh1 Kf8 57. Rh8+ Bg8 58. Bb5 Kg7 59. Rh1 Bf7 60. Rb1
Bh5 61. Be3 Rh8 62. Ba6 Rb8 63. Bb5 Rh8 1/2-1/2

[Event "4NCL9495 2nd Season"]
[Site "Various Venues"]
[Date "1995.01.22"]
[Round "6.2"]
[White "Littlewood, Paul E"]
[Black "Zeidler, Sven"]
[Result "0-1"]
[WhiteElo "2445"]
[BlackElo "2215"]
[PlyCount "112"]
[EventDate "1994.10.01"]
[EventType "team-tourn"]
[EventRounds "11"]
[EventCountry "GBR"]
[SourceTitle "BritBase"]
[SourceDate "2020.05.17"]
[SourceVersion "1"]
[SourceVersionDate "2020.05.17"]
[SourceQuality "1"]
[WhiteTeam "Wood Green"]
[BlackTeam "South Wales Dragons"]
[WhiteTeamCountry "ENG"]
[BlackTeamCountry "WLS"]

1. d4 f5 2. Bg5 h6 3. Bh4 c5 4. e3 Qb6 5. d5 Qb4+ 6. Nc3 Qxh4 7. Nf3 Qf6 8. e4
d6 9. Bd3 g5 10. O-O g4 11. Nd2 h5 12. exf5 Bxf5 13. Nde4 Bxe4 14. Nxe4 Qh6 15.
f4 Nd7 16. Ng5 Ngf6 17. Bf5 Rg8 18. Ne6 Rc8 19. c4 g3 20. h3 h4 21. a4 Qh5 22.
Qxh5+ Nxh5 23. Nxf8 Rxf8 24. Bg6+ Kd8 25. Bxh5 Nf6 26. Bg6 Rg8 27. Bf5 Rb8 28.
Bc2 a5 29. Rae1 Rg7 30. Re6 b6 31. Rfe1 Rb7 32. R1e3 Rc7 33. Kf1 Rb7 34. Ke2
Rc7 35. Kf3 Rb7 36. Bf5 Rb8 37. Rxf6 exf6 38. Re6 Kc7 39. Rxf6 Rh8 40. Be6 Kd8
41. Bg4 Kc7 42. Ke4 Rxg4 43. Rf7+ Kc8 44. Kf5 Rgg8 45. Kf6 Kd8 46. Rb7 Rh6+ 47.
Kf5 Rf8+ 48. Kg5 Rhf6 49. Rxb6 Kc7 50. Rc6+ Kd7 51. Ra6 Rxf4 52. Rxa5 Kc7 53.
Ra7+ Kb6 54. Rd7 Rxc4 55. Rxd6+ Ka5 56. b3 Rd4 0-1

[Event "4NCL9495 2nd Season"]
[Site "Various Venues"]
[Date "1995.01.22"]
[Round "6.3"]
[White "James, David J"]
[Black "Law, Andrew P"]
[Result "1/2-1/2"]
[WhiteElo "2250"]
[BlackElo "2360"]
[PlyCount "37"]
[EventDate "1994.10.01"]
[EventType "team-tourn"]
[EventRounds "11"]
[EventCountry "GBR"]
[SourceTitle "BritBase"]
[SourceDate "2020.05.17"]
[SourceVersion "1"]
[SourceVersionDate "2020.05.17"]
[SourceQuality "1"]
[WhiteTeam "South Wales Dragons"]
[BlackTeam "Wood Green"]
[WhiteTeamCountry "WLS"]
[BlackTeamCountry "ENG"]

1. d4 d5 2. c4 dxc4 3. Nf3 Nf6 4. Nc3 c6 5. a4 Bf5 6. e3 e6 7. Bxc4 Bb4 8. O-O
Nbd7 9. Qe2 Bg4 10. h3 Bxf3 11. Qxf3 O-O 12. Rd1 Rc8 13. e4 e5 14. d5 Bxc3 15.
bxc3 cxd5 16. Bxd5 Nxd5 17. exd5 Nb6 18. d6 Qd7 19. a5 1/2-1/2

[Event "4NCL9495 2nd Season"]
[Site "Various Venues"]
[Date "1995.01.22"]
[Round "6.4"]
[White "Friedgood, David"]
[Black "Richmond, Peter"]
[Result "1-0"]
[WhiteElo "2285"]
[BlackElo "2180"]
[PlyCount "66"]
[EventDate "1994.10.01"]
[EventType "team-tourn"]
[EventRounds "11"]
[EventCountry "GBR"]
[SourceTitle "BritBase"]
[SourceDate "2020.05.17"]
[SourceVersion "1"]
[SourceVersionDate "2020.05.17"]
[SourceQuality "1"]
[WhiteTeam "Wood Green"]
[BlackTeam "South Wales Dragons"]
[WhiteTeamCountry "ENG"]
[BlackTeamCountry "WLS"]

1. c4 Nf6 2. Nc3 e5 3. Nf3 Nc6 4. e4 Bc5 5. Nxe5 Nxe5 6. d4 Bb4 7. dxe5 Nxe4 8.
Qf3 d5 9. exd6 O-O 10. Be2 Nxc3 11. bxc3 Bxd6 12. O-O Be6 13. Qxb7 Qf6 14. Qf3
Be5 15. Qxf6 Bxf6 16. Bf4 Bxc3 17. Rab1 Ba5 18. Rb5 Bb6 19. c5 a6 20. Rxb6 cxb6
21. cxb6 Rab8 22. Bxb8 Rxb8 23. Rb1 Bxa2 24. Rb2 Bd5 25. Bxa6 Bb7 26. Bxb7 Rxb7
27. f4 Kf8 28. Kf2 Ke7 29. Kf3 Kd6 30. f5 Kc6 31. Kf4 Rxb6 32. Rxb6+ Kxb6 33.
f6 g6 1-0

[Event "4NCL9495 2nd Season"]
[Site "Various Venues"]
[Date "1995.01.22"]
[Round "6.5"]
[White "Saunders, John C"]
[Black "James, Geoffrey H"]
[Result "1/2-1/2"]
[WhiteElo "2250"]
[BlackElo "2210"]
[PlyCount "33"]
[EventDate "1994.10.01"]
[EventType "team-tourn"]
[EventRounds "11"]
[EventCountry "GBR"]
[SourceTitle "BritBase"]
[SourceDate "2020.05.17"]
[SourceVersion "1"]
[SourceVersionDate "2020.05.17"]
[SourceQuality "1"]
[WhiteTeam "South Wales Dragons"]
[BlackTeam "Wood Green"]
[WhiteTeamCountry "WLS"]
[BlackTeamCountry "ENG"]

1. e4 e5 2. Nf3 Nc6 3. c3 d6 4. d4 Nf6 5. Bb5 Bd7 6. O-O Be7 7. Re1 O-O 8. Ba4
Re8 9. Nbd2 Bf8 10. h3 h6 11. a3 g6 12. Bb3 Bg7 13. Ba2 Rf8 14. dxe5 Nxe5 15.
Nxe5 dxe5 16. Nc4 Qe7 17. Qc2 1/2-1/2

[Event "4NCL9495 2nd Season"]
[Site "Various Venues"]
[Date "1995.01.22"]
[Round "6.7"]
[White "Miles, Richard"]
[Black "Tebbs, Howard L"]
[Result "1/2-1/2"]
[WhiteElo "2100"]
[BlackElo "2110"]
[PlyCount "39"]
[EventDate "1994.10.01"]
[EventType "team-tourn"]
[EventRounds "11"]
[EventCountry "GBR"]
[SourceTitle "BritBase"]
[SourceDate "2020.05.17"]
[SourceVersion "1"]
[SourceVersionDate "2020.05.17"]
[SourceQuality "1"]
[WhiteTeam "South Wales Dragons"]
[BlackTeam "Wood Green"]
[WhiteTeamCountry "WLS"]
[BlackTeamCountry "ENG"]

1. Nf3 f5 2. d4 Nf6 3. g3 e6 4. Bg2 d5 5. O-O Bd6 6. c4 c6 7. b3 Qe7 8. Bb2 O-O
9. Nbd2 b6 10. Ne5 Bb7 11. Rc1 Ne4 12. f3 Nxd2 13. Qxd2 Nd7 14. Kh1 c5 15. e3
Rad8 16. Qe2 Nf6 17. Rfd1 g5 18. Rc2 Qe8 19. Rdc1 Qh5 20. Kg1 1/2-1/2

[Event "4NCL9495 2nd Season"]
[Site "Various Venues"]
[Date "1995.01.22"]
[Round "6.8"]
[White "Jackson, Sheila"]
[Black "Dyce->Cast, Abigail"]
[Result "1/2-1/2"]
[WhiteElo "2180"]
[BlackElo "1720"]
[PlyCount "36"]
[EventDate "1994.10.01"]
[EventType "team-tourn"]
[EventRounds "11"]
[EventCountry "GBR"]
[SourceTitle "BritBase"]
[SourceDate "2020.05.17"]
[SourceVersion "1"]
[SourceVersionDate "2020.05.17"]
[SourceQuality "1"]
[WhiteTeam "Wood Green"]
[BlackTeam "South Wales Dragons"]
[WhiteTeamCountry "ENG"]
[BlackTeamCountry "WLS"]

1. e4 e6 2. d4 d5 3. Nd2 Nf6 4. e5 Nfd7 5. Bd3 c5 6. c3 Nc6 7. Ne2 Qb6 8. Nf3
cxd4 9. cxd4 f6 10. exf6 Nxf6 11. O-O Bd6 12. Re1 O-O 13. Nc3 Bd7 14. Bg5 Kh8
15. Na4 Qa5 16. Nc3 Qb6 17. Na4 Qa5 18. Nc3 Qb6 1/2-1/2

[Event "4NCL9495 2nd Season"]
[Site "Various Venues"]
[Date "1995.02.18"]
[Round "7.1"]
[White "Chandler, Murray G"]
[Black "Crouch, Colin S"]
[Result "0-1"]
[WhiteElo "2535"]
[BlackElo "2405"]
[PlyCount "72"]
[EventDate "1994.10.01"]
[EventType "team-tourn"]
[EventRounds "11"]
[EventCountry "GBR"]
[SourceTitle "BritBase"]
[SourceDate "2020.05.17"]
[SourceVersion "1"]
[SourceVersionDate "2020.05.17"]
[SourceQuality "1"]
[WhiteTeam "BCM"]
[BlackTeam "Barbican"]
[WhiteTeamCountry "ENG"]
[BlackTeamCountry "ENG"]

1. d4 d5 2. c4 c6 3. Nf3 Nf6 4. Nc3 dxc4 5. a4 Bf5 6. e3 e6 7. Bxc4 Bb4 8. O-O
Nbd7 9. h3 O-O 10. Nh4 Nb6 11. Bb3 Nbd5 12. Nxf5 exf5 13. Qd3 g6 14. Bd2 Bd6
15. a5 a6 16. Na4 Qe7 17. Rac1 Rad8 18. Bxd5 Nxd5 19. Qb3 f4 20. Rfe1 Qg5 21.
e4 Ne3 22. Bxe3 fxe3 23. fxe3 Qg3 24. Rf1 Qh2+ 25. Kf2 Bg3+ 26. Kf3 Bh4 27. Nc3
Qg3+ 28. Ke2 Bg5 29. Nd1 Rxd4 30. Nf2 Rb4 31. Qc3 Rxb2+ 32. Qxb2 Qxe3+ 33. Kd1
Rd8+ 34. Kc2 Rd2+ 35. Kb1 Rxb2+ 36. Kxb2 Qe2+ 0-1

[Event "4NCL9495 2nd Season"]
[Site "Various Venues"]
[Date "1995.02.18"]
[Round "7.4"]
[White "Sands, David"]
[Black "Cafferty, Bernard"]
[Result "1-0"]
[WhiteElo "2232"]
[BlackElo "2290"]
[PlyCount "91"]
[EventDate "1994.10.01"]
[EventType "team-tourn"]
[EventCountry "GBR"]
[SourceTitle "BritBase"]
[Source "John Saunders"]
[SourceDate "2014.05.24"]
[SourceVersion "1"]
[SourceVersionDate "2014.05.24"]
[SourceQuality "1"]
[WhiteTeam "Barbican"]
[BlackTeam "BCM"]
[WhiteTeamCountry "ENG"]
[BlackTeamCountry "ENG"]

1. d4 Nf6 2. c4 e6 3. Nc3 Bb4 4. f3 c5 5. d5 Bxc3+ 6. bxc3 Qa5 7. e4 d6 8. Qc2
e5 9. Bd3 Nbd7 10. Ne2 Nb6 11. a4 Bd7 12. O-O Ng8 13. f4 f6 14. Ng3 Ne7 15. Nh5
Rg8 16. Ra3 O-O-O 17. f5 Rdf8 18. Be3 Be8 19. Qe2 g6 20. fxg6 Rxg6 21. Kh1 Bd7
22. h3 Kc7 23. g4 Ng8 24. Qd2 Nc8 25. Kh2 Nce7 26. Ng3 Re8 27. Raa1 Rf8 28. Rf2
Re8 29. Bc2 b5 30. cxb5 Bxb5 31. Rb1 Ba6 32. g5 Nc8 33. Nh5 fxg5 34. Bxg5 Nb6
35. Rf7+ Kb8 36. Ng7 Rc8 37. Ne6 h6 38. Bh4 Ka8 39. Qe1 Bc4 40. Ra1 Rxe6 41.
dxe6 Bxe6 42. Rg7 Nd7 43. Rd1 Qa6 44. Qd2 Rc6 45. Rdg1 Qc8 46. R1g6 {Source:
Cafferty scoresheet} 1-0